|
|
|
|
| LEADER |
01736nam a2200457 i 4500 |
| 001 |
001902619 |
| 003 |
CZ BrMZK |
| 005 |
20240903115711.0 |
| 007 |
ta |
| 008 |
240722t19971997xo abcee f 000 0 slo |
| 020 |
|
|
|a 80-967186-3-0
|q (brožováno)
|
| 040 |
|
|
|a BOA001
|b cze
|e rda
|
| 043 |
|
|
|a e-xo---
|
| 072 |
|
7 |
|a 913(437)
|x Geografie Česka a Slovenska, reálie, cestování
|2 Konspekt
|9 7
|
| 080 |
|
|
|a 904
|2 MRF
|
| 080 |
|
|
|a 913(437.6)
|2 MRF
|
| 080 |
|
|
|a (437.6)
|2 MRF
|
| 080 |
|
|
|a (036)913
|2 MRF
|
| 100 |
1 |
|
|a Rozložníková, Virgínia,
|d 1950-2012
|4 aut
|
| 245 |
1 |
0 |
|a Levoča :
|b sprievodca mestom a okolím /
|c Virginía Rozložníková, Štefan Péchy
|
| 246 |
1 |
|
|i Název v tiráži:
|a Levoča - sprievodca
|
| 264 |
|
1 |
|a [Spišská Nová Ves] :
|b Bambow,
|c [1997]
|
| 264 |
|
4 |
|c ©1997
|
| 300 |
|
|
|a 87 stran :
|b ilustrace (převážně barevné), mapy, plány, faksimile ;
|c 21 cm
|
| 336 |
|
|
|a text
|b txt
|2 rdacontent
|
| 336 |
|
|
|a statický obraz
|b sti
|2 rdacontent
|
| 337 |
|
|
|a bez média
|b n
|2 rdamedia
|
| 338 |
|
|
|a svazek
|b nc
|2 rdacarrier
|
| 500 |
|
|
|a "Foto: Štefan Péchy"--Tiráž
|
| 504 |
|
|
|a Obsahuje bibliografii
|
| 650 |
0 |
7 |
|a kulturní památky
|7 ph115033
|z Slovensko
|2 czenas
|
| 650 |
0 |
9 |
|a cultural monuments
|z Slovakia
|2 eczenas
|
| 651 |
|
7 |
|a Levoča (Slovensko : oblast)
|7 xx0092932
|x reálie
|2 czenas
|
| 651 |
|
9 |
|a Levoča Region (Slovakia)
|x description and travel
|2 eczenas
|
| 655 |
|
7 |
|a turistické průvodce
|7 fd133738
|2 czenas
|
| 655 |
|
9 |
|a tourist guidebooks
|2 eczenas
|
| 700 |
1 |
|
|a Péchy, Štefan,
|d 1944-
|7 xx0205245
|4 aut
|4 fot
|
| 910 |
|
|
|a BOA001
|b 2-1528.624
|
| 990 |
|
|
|a BK
|
| 991 |
|
|
|b 202409
|
| 996 |
7 |
|
|b 2610975767
|c 2-1528.624
|l MZK
|r Sklad / do 1 hodiny
|n 0
|p dar
|w 001971713
|u 000010
|a 1
|e BOA001
|j MZK50
|s A
|